Thumbnail Convenience Quiz #13 - Statistics

General Stats
  • This quiz has been taken 7 times
  • The average score is 11 of 16
Answer Stats
Picture Answer % Correct
Captain America
100%
Marvel Symbols
100%
Black Panther
86%
It's Jeff
86%
Marvel Scarlet Witch
86%
Scarlet Witch Symbol
86%
Scarlet Witch Symbol
86%
Ms. Marvel (Carol Danvers) Symbol
57%
Ms. Marvel (Carol Danvers) Symbol
57%
Ms. Marvel Symbol
57%
Ms. Marvel Symbol
57%
Ms. Marvel Symbol
57%
Ms. Marvel Symbol
57%
Ms. Marvel Symbol
57%
Heralds of Galactus
29%
Superhero Poker Night
29%
No matching quizzes found
Score Distribution
Percent of People with Each Score
Percentile by Number Answered
Your Score History
You have not taken this quiz